Recenseamento do Brasil, realizado em 1 de setembro de 1920: (Registro n. 615)

Detalhes MARC
000 -LÍDER
campo de controle de tamanho fixo 01068nam a22001817a 4500
003 - IDENTIFICADOR DO NÚMERO DE CONTROLE
campo de controle BR-ViAPE
005 - DATA E HORÁRIO DA ÚLTIMA TRANSAÇÃO
campo de controle 20260508141844.0
008 - CAMPO DE DADOS FIXOS--INFORMAÇÃO GERAL
campo de controle de tamanho fixo 260508s1923 por gss|||f001 0 por d
040 ## - FONTE DA CATALOGAÇÃO
Instituição que transcreveu o registro BR-ViAPE
110 ## - ENTRADA PRINCIPAL--NOME CORPORATIVO
Nome corporativo ou nome da jurisdição Ministério da Agricultura, Indústria e Comércio
Unidade subordinada Diretoria de Estatística
245 ## - TÍTULO
Título Recenseamento do Brasil, realizado em 1 de setembro de 1920:
Restante do título relação dos proprietários dos estabelecimentos rurais recenseados no Estado do Espírito Santo - Serra
300 ## - DESCRIÇÃO FÍSICA
Extensão 11 p.
Outros detalhes físicos Documento digitalizado (PDF)
500 ## - NOTA GERAL
Nota geral Documento integrante do Recenseamento do Brasil de 1920, contendo levantamento estatístico e nominal de estabelecimentos rurais do município de Serra (ES).
-- Documento digitalizado do acervo institucional do Arquivo Público do Estado do Espírito Santo - APEES.
650 ## - ASSUNTO--TERMO TÓPICO
Cabeçalho tópico ou nome geográfico Propriedade rural
Subdivisão geral História
Subdivisão geográfica Serra (ES)
651 ## - ASSUNTO—LOCAIS GEOGRÁFICOS E HISTÓRICOS
Nome geográfico Serra (ES)
Subdivisão geográfica Espírito Santo (Brasil)
856 ## - LOCALIZAÇÃO ELETRÔNICA E ACESSO
Uniform Resource Identifier <a href="https://ape.es.gov.br/Media/ape/PDF/Recenseamento/Recenseamento_1920_Serra.pdf">https://ape.es.gov.br/Media/ape/PDF/Recenseamento/Recenseamento_1920_Serra.pdf</a>
Texto de ligação CLIQUE AQUI PARA ACESSAR O DOCUMENTO
942 ## - ELEMENTOS DE ENTRADA ADICIONADOS (KOHA)
Fonte da classificação ou esquema de arquivamento na estante Dewey Decimal Classification
Tipo de material Koha Obras Raras
Ocultar no OPAC Yes
Exemplares
Status de descarte Fonte da classificação ou esquema de arquivamento na estante Status físico Não pode ser emprestado Biblioteca de origem Biblioteca atual Data de aquisição Total de empréstimos Data de último acesso Preço efetivo de Tipo de material Koha
  Dewey Decimal Classification     Biblioteca do Arquivo Público do Estado do Espírito Santo Biblioteca do Arquivo Público do Estado do Espírito Santo 05/08/2026   05/08/2026 05/08/2026 Obras Raras